Statistiques concernant Retrouvez le film - Louis de Funès

Cliquez ici pour prendre le quiz!

Statistiques générales

  • Ce quiz a été pris 493 fois
  • Le résultat moyen est 12 sur 16

Statistiques - réponses

DescriptionFilm% Correct
Après avoir participé à un concours de pets avec son ami, le Glaude voit débarquer un extraterrestre dans son jardinLa Soupe aux choux
96%
Victor Pivert, un industriel raciste et antisémite, se retrouve à devoir administrer une cérémonie juiveLes Aventures de Rabbi Jacob
92%
Charles Duchemin, critique gastronomique, se lance dans une guerre contre un géant de la malbouffe : TricatelL'Aile ou la Cuisse
91%
Muté dans le Var, Ludovic Cruchot exerce son métier notamment en chassant les nudistes des plagesLe Gendarme de Saint-Tropez
91%
Le commissaire Juve se met à la poursuite d'un malfaiteur, mais le journaliste Fandor se mêle à la partieFantômas
85%
Après avoir été congelé pendant des années, Paul Fournier se réveille en 1970Hibernatus
85%
Le chef d'orchestre Antoine Lefort constate qu'un aviateur britannique s'est réfugié dans sa logeLa Grande Vadrouille
80%
Harpagon, un homme riche mais peu dépensier, cache son argent dans un coffret qu'il enterreL'Avare
80%
Au XVIIème siècle, Don Salluste est chassé de la cour d'Espagne par la reine qui le détesteLa Folie des Grandeurs
77%
Léopold Saroyan s'est arrangé afin qu'Antoine Maréchal ramène jusqu'en France une voiture où est dissimulé le YoukounkounLe Corniaud
76%
M. Septime assiste à l'enlèvement du président Novalès, chef d'Etat d'Amérique du Sud, dans son propre restaurantLe Grand Restaurant
71%
Le directeur Louis-Philippe Fourchaume licencie Castagnier, son inventeur de bateaux ayant complètement raté sa dernière production, L'IncrevableLe Petit Baigneur
64%
Bertrand Barnier est piégé par son comptable qui lui demande à la fois une augmentation et la main de sa filleOscar
57%
Le marchand d'arts Félicien Mezeray est conduit à rénover le château de la famille des MontignacLe Tatoué
44%
Après s'être débarrassé malgré lui d'un maître-chanteur, le comique Antoine Brisebard fait face à un couple britannique souhaitant acheter sa maisonJo
39%
Victor Garnier finit ruiné après qu'un banquier lui ait conseillé d'investir dans les actions TanganaFaites sauter la banque
21%

Distribution des résultats

Percentile par nombre de réponses

% des personnes avec chaque résultat

Votre développement - résultats

Vous n’avez pas pris ce quiz